00580nam a2200205Ia 4500003000400000005001700004008004100021020001900062040000700081041000800088082001300096100002400109245002800133260002000161300000900181650002000190942001300210999001900223952013200242OSt20251028142437.0250729s1995 xx 000 0 und d a978-9352837342 cAL aeng a530 MURE aMurgeshan R9223506 aElectricity & magnetism aNew Delhic1995 a639p aPhysics9223507 2ddccBED c235942d235942 00104070aALbALd2025-07-29eSchool Book Companyg185.00l0o530 MUREpBED01261r2025-07-29 16:54:27v185.00w2025-07-29yBK